000 00334nam a22001577a 4500
003 SGT
020 _a978-0-07-462320-6
082 _a616.01
_bM17P
100 _aPELCZAR, MICHAEL.J.
245 _aMICROBIOLOGY
250 _a5TH
260 _aCHENNAI
_bMC.GRAWHILL
_c2017
300 _a918
650 _aPHARMACY
942 _2ddc
_cBK
_06
999 _c11633
_d11633